A real dinosuar / (Record no. 9924)

MARC details
000 -LEADER
fixed length control field 00889nam a22002777a 4500
001 - CONTROL NUMBER
control field 9924
003 - CONTROL NUMBER IDENTIFIER
control field FISKH
005 - DATE AND TIME OF LATEST TRANSACTION
control field 20260317093713.0
008 - FIXED-LENGTH DATA ELEMENTS--GENERAL INFORMATION
fixed length control field 260317b cb ||||| |||| 00| 0 eng d
020 ## - INTERNATIONAL STANDARD BOOK NUMBER
International Standard Book Number 9780462005027
040 ## - CATALOGING SOURCE
Original cataloging agency FISKH
Language of cataloging eng
Transcribing agency FISKH
Modifying agency FISKH
082 ## - DEWEY DECIMAL CLASSIFICATION NUMBER
Classification number 567.9
100 ## - MAIN ENTRY--PERSONAL NAME
Personal name Marshall , Jenny
245 ## - TITLE STATEMENT
Title A real dinosuar /
Statement of responsibility, etc. Written by Jenny Marshall : Illustrated by Donovan Bixley
250 ## - EDITION STATEMENT
Edition statement First published 2008
260 ## - PUBLICATION, DISTRIBUTION, ETC.
Place of publication, distribution, etc. London :
Name of publisher, distributor, etc. Marshall Cavendish Limited ,
Date of publication, distribution, etc. 2008.
300 ## - PHYSICAL DESCRIPTION
Extent 16 pages :
Other physical details color illustrations ;
Dimensions 19 cm .
490 ## - SERIES STATEMENT
Series statement My Pals Are Here ! : Reading Stars
505 ## - FORMATTED CONTENTS NOTE
Formatted contents note H <br/>
520 ## - SUMMARY, ETC.
Summary, etc. Henry tells his grandfather all about the dinosaur he saw and photographed.
521 8# - TARGET AUDIENCE NOTE
Target audience note 400 <br/>
Source Lexile estimate <br/>
521 8# - TARGET AUDIENCE NOTE
Target audience note H<br/>
Source Raz-Plus <br/>
700 ## - ADDED ENTRY--PERSONAL NAME
Personal name Bixley , Donovan
Relator term Illustrator
942 ## - ADDED ENTRY ELEMENTS (KOHA)
Source of classification or shelving scheme Dewey Decimal Classification
Koha item type Books
Suppress in OPAC No
Holdings
Withdrawn status Lost status Source of classification or shelving scheme Damaged status Not for loan Collection Home library Current library Shelving location Date acquired Total Checkouts Full call number Barcode Date due Date last seen Date last checked out Price effective from Koha item type
    Dewey Decimal Classification     Juvenile Fiction Footprints International School Library Network Toul Tom Poung Campus Footprints International School Library Network Toul Tom Poung Campus TTP Primary Dark Blue Bookshelves 03/17/2026 1 MAR 567.9 2026-0328 05/14/2026 04/30/2026 04/30/2026 03/17/2026 Books